00762nam a2200241 i 4500001001000000003000900010005001700019007000300036008004100039020001800080040003000098041000800128082001800136100004600154245008000200250002200280264004400302300002800346336002700374337003300401338002800434500005800462000047728DO-SdBNP20260319141038.0ta090903s2016 dr 000 0 spa d a9789945167320 aDO-SdBNPbspacBNPHUespa aspa 4axxxbG216222 aGarcía, Diógenes,d1950-eautor4aut.14aLos cuentos de un pensador en dos siglos (XX y XXI) /cDiógenes García. aprimera edición aSanto Domingo :bEditora Búho,c2016. a157 páginas ;c23 cm. atextobtxt2rdacontent asin mediaciónbn2rdamedia avolumenbnc2rdacarrier aIncluye datos biografícos del autor en las solapas.